Entomology and pest management / (Record no. 37084)
[ view plain ]
| 000 -LEADER | |
|---|---|
| fixed length control field | 00909nam a2200289 a 4500 |
| 001 - CONTROL NUMBER | |
| control field | 37084 |
| 003 - CONTROL NUMBER IDENTIFIER | |
| rucl marc code | BD-RjUL |
| 005 - DATE AND TIME OF LATEST TRANSACTION | |
| control field | 20211209052557.0 |
| 008 - FIXED-LENGTH DATA ELEMENTS--GENERAL INFORMATION | |
| fixed length control field | 141015r19961989ii a b 001 0 eng |
| 020 ## - INTERNATIONAL STANDARD BOOK NUMBER | |
| International Standard Book Number | 812030988X |
| 035 ## - SYSTEM CONTROL NUMBER | |
| System control number | (BD-RjUL)37186 |
| 040 ## - CATALOGING SOURCE | |
| Original cataloging agency | DLC |
| Transcribing agency | DLC |
| Modifying agency | DLC |
| -- | BD-RjUL |
| Language of cataloging | eng |
| 041 ## - LANGUAGE CODE | |
| Language code of text/sound track or separate title | eng |
| 082 00 - DEWEY DECIMAL CLASSIFICATION NUMBER | |
| Classification number | 632.7 |
| Edition number | 20 |
| Author mark and year | PEE 1996 |
| 100 1# - MAIN ENTRY--PERSONAL NAME | |
| Personal name | Pedigo, Larry P. |
| 9 (RLIN) | 112937 |
| 245 10 - TITLE STATEMENT | |
| Title | Entomology and pest management / |
| Statement of responsibility, etc. | Larry P. Pedigo. |
| 260 ## - PUBLICATION, DISTRIBUTION, ETC. (IMPRINT) | |
| Place of publication, distribution, etc. | New York : |
| Name of publisher, distributor, etc. | Macmillan ; |
| Place of publication, distribution, etc. | London ; |
| -- | New Delhi : |
| Name of publisher, distributor, etc. | Prentice-Hall of India; |
| -- | Collier Macmillan, |
| Date of publication, distribution, etc. | c1989 [reprint 1996]. |
| 300 ## - PHYSICAL DESCRIPTION | |
| Pagination | xxii, 646 p. : |
| Illustrations | ill. ; |
| Size | 26 cm. |
| 504 ## - BIBLIOGRAPHY, ETC. NOTE | |
| Bibliography, etc | Includes bibliographies and index. |
| 650 #0 - SUBJECT ADDED ENTRY--TOPICAL TERM | |
| Topical term or geographic name as entry element | Insect pests |
| General subdivision | Control. |
| 9 (RLIN) | 112695 |
| Topical term or geographic name as entry element | Insect pests. |
| 9 (RLIN) | 113395 |
| Topical term or geographic name as entry element | Insects. |
| 9 (RLIN) | 113396 |
| Topical term or geographic name as entry element | Entomology. |
| 9 (RLIN) | 113397 |
| 942 ## - ADDED ENTRY ELEMENTS (KOHA) | |
| Source of classification or shelving scheme | Dewey Decimal Classification |
| Koha item type | Books |
| Lost status | Source of classification or shelving scheme | Damaged status | Not for loan | Collection code | Permanent Location | Current Location | Shelving location | Date acquired | Total Checkouts | Full call number | Date last seen | Copy number | Koha item type |
|---|---|---|---|---|---|---|---|---|---|---|---|---|---|
| Dewey Decimal Classification | Not For Loan | Non-fiction | Institute of Biological Sciences (IBSc) Library | Institute of Biological Sciences (IBSc) Library | 15/10/2014 | 632.7 PEE 1996 | 15/10/2014 | C-1 | Books | ||||
| Dewey Decimal Classification | Not For Loan | Institute of Biological Sciences (IBSc) Library | Institute of Biological Sciences (IBSc) Library | 28/01/2015 | 632.7 PEE 1996 | 28/01/2015 | C-2 | Books |